| 000 | 01411nam a2200181Ia 4500 | ||
|---|---|---|---|
| 008 | 151202s9999||||xx |||||||||||||| ||und|| | ||
| 082 | _bPNVM-74473 | ||
| 100 | _aबन्सल रश्मी/अनु-काणे सुनीति. | ||
| 245 | _aटेक मी होम-भारतातल्या लहान गावात राहून मोठी स्वप्न पाहणार्या 20 उद्योजकांच्या प्रेरणादायी कहाण्या. | ||
| 260 | _b"मेहता पब्लिशिंग हाऊस, पुणे." | ||
| 260 | _c74473 | ||
| 300 | _a366 | ||
| 600 | _aबन्सल रश्मी/अनु-काणे सुनीति. | ||
| 630 | _aटेक मी होम-भारतातल्या लहान गावात राहून मोठी स्वप्न पाहणार्या 20 उद्योजकांच्या प्रेरणादायी कहाण्या. | ||
| 700 | _aबन्सल रश्मी/अनु-काणे सुनीति. | ||
| 730 | _aटेक मी होम-भारतातल्या लहान गावात राहून मोठी स्वप्न पाहणार्या 20 उद्योजकांच्या प्रेरणादायी कहाण्या. | ||
| 942 | _cBOOK | ||
| 999 |
_c1341133 _d1341130 |
||